=LDR 00000nam 2200000 4500 =001 INLIS000000000014711 =005 20130612110006 =008 ***********************************Ind** =035 ##$$0010-061300000014711 =041 ##$$a Ind =082 ##$$a 600 =090 ##$$a 600, Ros j =100 ##$$a Rose,Susanna Van =245 ##$$a Jendela iptek 12, Bumi, Susanna Van Rose =260 ##$$a 2000 $b Jakarta =300 ##$$a 64, hlm, Ilus, 30 cm =650 ##$$a Tehnologi dan Sains =850 ##$$a NBPNMAT